Welcome to the Holygrace Academy Library

Please use search bar below to get started

GERONIMOSTILTON: THE MOUSE ISLAND MARATHONE (Record no. 9135)

MARC details
000 -LEADER
fixed length control field 00406nam a22001337a 4500
082 ## - DEWEY DECIMAL CLASSIFICATION NUMBER
Classification number 823
Item number STI/M
100 ## - MAIN ENTRY--AUTHOR NAME
Personal name GERONIMO STILTON: ELIZABETTA DAMI
245 ## - TITLE STATEMENT
Title GERONIMOSTILTON: THE MOUSE ISLAND MARATHONE
246 ## - VARYING FORM OF TITLE
Title proper/short title GERONIMOSTILTON: THE MOUSE ISLAND MARATHONE
Remainder of title GERONIMOSTILTON: THE MOUSE ISLAND MARATHONE
260 ## - PUBLICATION, DISTRIBUTION, ETC. (IMPRINT)
Place of publication NEW YORK
Name of publisher SCHOLASTIC
Year of publication 2007
300 ## - PHYSICAL DESCRIPTION
Number of Pages 98
650 ## - SUBJECT ADDED ENTRY--TOPICAL TERM
Topical Term ENGLISH STORY
942 ## - ADDED ENTRY ELEMENTS (KOHA)
Koha item type Books
Holdings
Withdrawn status Lost status Collection code Home library Current library Shelving location Date acquired Source of acquisition Cost, normal purchase price Full call number Accession Number Koha item type
    ENGLISH FICTION Main Library Main Library SHELF 4-I GERONIMO STILTON 11/07/2025 COTRIBUTION 295.00 823 STI/M 13843 Books